000 00514ntaaa2200193 4500
003 01
005 20251027203123.0
008 0714s1973 ag 01
040 _aAR-BaBN
_bspa
_cAR-BaBN
_eaacr
_dRIC
082 _a286.1820 C76
100 _aConfederación Evangélica Bautista
_932769
245 _aEstatutos y reglamentos
250 _a1 ed.
260 _as.d.,
_c1935
300 _as.p.
500 _aEstatutos de la Confederación Evangélica Bautista de la Argentina
650 _aautor
_923984
942 _cBK
999 _c26674
_d26674